00834nam a2200253 u 450000100070000000500170000700800410002403500110006503500210007604000130009704100080011008000070011810000390012524500310016426000620019530000180025765000430027565000220031865000250034065000220036594200090038799900170039695201670041314707220260506075916.0971119m19531954 spa  a147072 a(OCoLC)777996271 ccomduadb aspa aWB10aPla, Juan Carlos4auteaut931533110aArchivos de clinica medica aUruguay :bCentro de Invetigaciones Clinicas,c1953-1954. a495 páginas 7aEnfermedades transmisibles2dcs944424 aMeningitis937122 aTiroidectomia955952 aTiroiditis919404 cBOOK c79831d79831 001040708HIS. MEDICaBMbBMd1997-11-19eMaterial adquirido por donacióniC202904l0oWB141 A72-53p61000000544011r2023-04-21 00:00:00t1w2023-04-21yBOOKI